Well-being for women

Bibliographic Details
Main Author: Lawrence, Helen
Format: Book
Published: Petaling Jaya : Pelanduk Publications (M) Sdn.Bhd. , 1991
Subjects:

MARC

LEADER 00000cam a2200000 7i4500
001 0000003856
002 000004155
005 20000330.0
020 |a 9679783489 
090 0 0 |a 613.0424   |b LAW 
100 1 |a Lawrence, Helen 
245 1 0 |a Well-being for women   |c Helen Lawrence 
260 |a Petaling Jaya :   |b Pelanduk Publications (M) Sdn.Bhd. ,   |c 1991 
300 |a 212p. ;   |c 21cm. 
650 0 0 |a Women   |x Health and hygiene 
999 |a 037051   |b BUKU   |c PINJAMAN   |e PERPUSTAKAAN KOMUNITI PETALING JAYA 
999 |a 037793   |b BUKU   |c PINJAMAN   |e PERPUSTAKAAN KOMUNITI PETALING JAYA